<?xml version="1.0" encoding="UTF-8"?>
<marc:record xmlns:marc="http://www.loc.gov/MARC21/slim">
   <marc:leader>00000nam a2200000 a 4500</marc:leader>
   <marc:datafield ind1="1" ind2=" " tag="100">
      <marc:subfield code="a">Sautner, Thomas</marc:subfield>
      <marc:subfield code="4">aut</marc:subfield>
      <marc:subfield code="e">Verfasser/-in</marc:subfield>
   </marc:datafield>
   <marc:datafield ind1=" " ind2=" " tag="653">
      <marc:subfield code="a">Bilderbuch</marc:subfield>
   </marc:datafield>
   <marc:datafield ind1=" " ind2=" " tag="653">
      <marc:subfield code="a">Lebensfreude</marc:subfield>
   </marc:datafield>
   <marc:datafield ind1=" " ind2=" " tag="653">
      <marc:subfield code="a">Bilderbücher</marc:subfield>
   </marc:datafield>
   <marc:datafield ind1=" " ind2=" " tag="653">
      <marc:subfield code="a">Rabe</marc:subfield>
   </marc:datafield>
   <marc:datafield ind1="0" ind2="0" tag="245">
      <marc:subfield code="a">Rabenduft</marc:subfield>
   </marc:datafield>
   <marc:datafield ind1=" " ind2="1" tag="264">
      <marc:subfield code="b">Picus Verlag</marc:subfield>
      <marc:subfield code="c">2016</marc:subfield>
   </marc:datafield>
   <marc:datafield ind1="1" ind2=" " tag="520">
      <marc:subfield code="a">Rabe Franz steht am Morgen auf und riecht ihn sofort den Rabenduft! Franz bedankt sich bei allem, was ihm an diesem Tag Wunderbares erscheint und passiert. Die Sonne, das Wasser, die Luft alles bereitet ihm Freude. Sein Bruder Kurt hingegen riecht gar nichts. Es ist doch alles wie immer, wieso soll man ständig 'Danke!' rufen? Nun es kommt auf die Perspektive an, wie ihm Franz dann auf geschwisterliche Art beibringt ... Thomas Sautner erzählt eine frech-poetische Geschichte über alles Alltägliche, das das Schöne ausmacht man muss es nur sehen und genießen können! Thomas Kriebaum gibt den Rabenbrüdern Gesicht und Charakter und ihrem Tag den nötigen Schwung.</marc:subfield>
   </marc:datafield>
   <marc:datafield ind1=" " ind2=" " tag="020">
      <marc:subfield code="a">9783854521921</marc:subfield>
      <marc:subfield code="9">9783854521921</marc:subfield>
   </marc:datafield>
</marc:record>
